000
00343 a2200169 4500
001
188764
020
_a
85-16-03544-1
040
_c
Magnum
100
_a
Carrasco, Walcyr
240
1
0
_a
Irmão negro
_l
por
245
1
0
_a
Irmão negro
300
_a
80
362
0
_a
2003
440
1
_a
Moderna
697
_a
LITERATURA JUVENIL
942
_c
BK
999
_c
188764
_d
188764